000 00680nam a22002537a 4500
001 566
003 UA-OsUOA
005 20191121094435.0
007 ta
008 20050609b un ||||| |||| 00| 0 ukr d
020 _a966-524-142-7
040 _aUA-OsUOA
_bukr
_cUA-OsUOA
_dUA-OsUOA
041 _aukr
080 _a821.161.2
090 _a821.161.2
_bД46
100 _aДімаров А.
245 _aБіль і гнів
260 _aК.
_bУкраїна
_c2004
300 _a928 с.
650 7 _a82 Література. Літературознавство
_2UDC
942 _cBK
_2udc
955 _a3
999 _c286741
_d286741